Uppers Downers all arounders (Record no. 2884)

MARC details
000 -LEADER
fixed length control field 00405nam a22001577a 4500
008 - FIXED-LENGTH DATA ELEMENTS--GENERAL INFORMATION
fixed length control field 250404b |||||||| |||| 00| 0 eng d
020 ## - INTERNATIONAL STANDARD BOOK NUMBER
ISBN 97809265441
100 ## - MAIN ENTRY--AUTHOR
Author Inaba Darry S
245 ## - TITLE STATEMENT
Title Uppers Downers all arounders
250 ## - EDITION STATEMENT
Edition statement 2nd
260 ## - PUBLICATION, DISTRIBUTION, ETC. (IMPRINT)
Place of publication Ashland
Name of publisher CNS Production INC
Date of publication 1993
300 ## - COLLATION
Pagination IX,374P
650 ## - TRACINGS
Main Subject Pschotropic drugs
Subdivision (1st) Psychopharmacology
942 ## - ADDED ENTRY ELEMENTS (KOHA)
Item type Books
050 ## - LIBRARY OF CONGRESS CALL NUMBER
Classification number RM315
Item number .I63
Holdings
Source of classification or shelving scheme Not for loan Permanent location Current location Date acquired Accession No. Full call number Barcode. Koha item type
Library of Congress Classification   Medical Library Medical Library 04/04/2025 2024/63058 RM315.I63 2025-1224 Books